000
00352 a2200169 4500
001
191366
020
_a
040
_c
Magnum
100
_a
Guinho, Antonio
240
1
0
_a
Minhocas na cabeça
_l
por
245
1
0
_a
Minhocas na cabeça
300
_a
36
362
0
_a
1997
440
1
_a
Bagaço
697
_a
LITERATURA INFANTO-JUVENIL
942
_c
BK
999
_c
191366
_d
191366